Revolutionary life (Record no. 240817)

MARC details
000 -LEADER
fixed length control field 01893nam a22002057a 4500
005 - DATE AND TIME OF LATEST TRANSACTION
control field 20260127110251.0
008 - FIXED-LENGTH DATA ELEMENTS--GENERAL INFORMATION
fixed length control field 260123b |||||||| |||| 00| 0 eng d
020 ## - INTERNATIONAL STANDARD BOOK NUMBER
International Standard Book Number 9788188965854
040 ## - CATALOGING SOURCE
Transcribing agency AL
041 ## - LANGUAGE CODE
Language code of text/sound track or separate title English
082 ## - DEWEY DECIMAL CLASSIFICATION NUMBER
Classification number 324.2092
Item number SAHR
100 ## - MAIN ENTRY--PERSONAL NAME
Personal name Lakshmi Sahgal
100 ## - MAIN ENTRY--PERSONAL NAME
9 (RLIN) 252755
245 ## - TITLE STATEMENT
Title Revolutionary life
Remainder of title : memoris of a political activist
260 ## - PUBLICATION, DISTRIBUTION, ETC.
Place of publication, distribution, etc. New Delhi
Name of publisher, distributor, etc. Women Unlimited
Date of publication, distribution, etc. 2013
300 ## - PHYSICAL DESCRIPTION
Extent xxxiii,195p.
Other physical details PB
Dimensions 22x14cm.
365 ## - TRADE PRICE
Price type code IN-785
Price amount ₹415.15
Currency code
Unit of pricing ₹415.15
Price effective from 14-01-2026
520 ## - SUMMARY, ETC.
Summary, etc. In 1940, Lakshmi Sahgal left for Singapore to work as a doctor, and came into contact with a group of expatriate Indians who would form the core of the future Indian National Army. In July 1943, Netaji called upon her to participate in the formation of the Rani Jhansi Regiment, the first and only all-woman regiment in modern Indian history. Trained in warfare and weaponry, this regiment participated actively in the INA's struggle for freedom till 1946, when it was disbanded, only to be remembered as the Forgotten Army.<br/><br/>In 1956, Malayala Manorama published a long piece on Lakshmi Sahgal and her Rani Jhansi Regiment in their magazine, Manorama. The first time she wrote of her experiences in the INA was at the behest of Comrade Namboodiripad in the late 60's. This was translated into Malayalam and published in Chinta, the CPM magazine. The original manuscript was stashed in a trunk where it remained for the next 25 years. It reappeared briefly in a Hindi translation in 1938, then disappeared again.<br/><br/>Here, at last, is Lakshmi Sahgal's autobiography in its original form, as she wrote it decades ago. One of the few first- person accounts of the time, it is a document of immense political and historical value, and offers a unique perspective on women in armed struggle and the freedom movement.
650 ## - SUBJECT ADDED ENTRY--TOPICAL TERM
Topical term or geographic name entry element Biography
9 (RLIN) 252400
942 ## - ADDED ENTRY ELEMENTS (KOHA)
Source of classification or shelving scheme Dewey Decimal Classification
Koha item type Book
Holdings
Withdrawn status Lost status Source of classification or shelving scheme Damaged status Not for loan Collection code Home library Current library Shelving location Date acquired Source of acquisition Cost, normal purchase price Total Checkouts Full call number Barcode Date last seen Cost, replacement price Price effective from Koha item type
    Dewey Decimal Classification     Political Science St Aloysius Library St Aloysius Library Stack Section 01/22/2026 amazon.in 415.15   324.2092 SAHR 078070 01/23/2026 415.15 01/14/2026 Book